| 000 | 00581nam a2200169Ia 4500 | ||
|---|---|---|---|
| 005 | 20250508154011.0 | ||
| 008 | 008 250505s9999 xx 000 0 eng d | ||
| 037 | _aBooks to be hide in OPAC | ||
| 040 |
_aFEDL _beng _cFEDL |
||
| 041 |
_aeng _2eng |
||
| 084 |
_a338.009481, NOR/O _qFEDL |
||
| 245 | 0 | _aNorway's industry: A short review of its development and present position | |
| 260 |
_aNorway _bFederation of Norwegian Industries and the Norwegian Ministry of Foreign _c1958 |
||
| 300 | _a98p | ||
| 942 |
_cHB _h338.009481, NOR/O |
||
| 999 |
_c1346947 _d1346947 |
||